[Event "DVM U12 2010"]
[Site "Templin OT Groß Dölln GER"]
[Date "2010.12.27"]
[Round "2"]
[White "Baskin, Robert"]
[Black "Sabirov, Ramil"]
[Result "1/2-1/2"]
[Termination "normal"]
[Board "1.1"]
[WhiteElo "1891"]
[BlackElo "1720"]
[WhiteTeam "Makkabi Frankfurt"]
[BlackTeam "SG Porz"]
[WhiteFideId "24662402"]
[BlackFideId "12900303"]
[EventCountry "GER"]
[EventRounds "7"]
[EventType "team-swiss"]
[EventDate "2010.12.26"]

1. e4 c5 2. Nf3 Nc6 3. d4 cxd4 4. Nxd4 Nf6 5. Nc3 Qb6 6. Nb3 e6 7. Bd3 d6 8.
O-O a6 9. Qe2 Be7 10. Bd2 Qc7 11. f4 O-O 12. Rae1 b5 13. Rf3 Bb7 14. Rh3 g6 15.
f5 Rfe8 16. Nd1 Bf8 17. Qf2 Bg7 18. Ne3 Ne5 19. Qh4 exf5 20. exf5 1/2-1/2

[Event "DVM U12 2010"]
[Site "Templin OT Groß Dölln GER"]
[Date "2010.12.27"]
[Round "2"]
[White "Brungs, Sven"]
[Black "Mager, Denis"]
[Result "1/2-1/2"]
[Termination "normal"]
[Board "1.2"]
[WhiteElo "1191"]
[BlackElo "1681"]
[WhiteTeam "SG Porz"]
[BlackTeam "Makkabi Frankfurt"]
[WhiteFideId "12946257"]
[BlackFideId "24691127"]
[EventCountry "GER"]
[EventRounds "7"]
[EventType "team-swiss"]
[EventDate "2010.12.26"]

1. d4 Nf6 2. Nf3 d5 3. Bf4 c6 4. e3 Bf5 5. Nbd2 Nbd7 6. Be2 e6 7. O-O Be7 8.
Re1 O-O 9. c4 Rc8 10. Rc1 Qb6 11. Qb3 Ne4 12. c5 Qxb3 13. Nxb3 g5 14. Bg3 h5
15. h3 g4 16. hxg4 Nxg3 17. gxf5 Nxf5 18. Bd3 Ng7 19. e4 dxe4 20. Bxe4 Nf6 21.
Bc2 Nd5 22. Bd3 Bg5 23. Rcd1 h4 1/2-1/2

[Event "DVM U12 2010"]
[Site "Templin OT Groß Dölln GER"]
[Date "2010.12.27"]
[Round "2"]
[White "Greif, Gavin"]
[Black "Ramien, David"]
[Result "1/2-1/2"]
[Termination "normal"]
[Board "1.3"]
[WhiteElo "1713"]
[BlackElo "1237"]
[WhiteTeam "Makkabi Frankfurt"]
[BlackTeam "SG Porz"]
[WhiteFideId "24662429"]
[BlackFideId "12948241"]
[EventCountry "GER"]
[EventRounds "7"]
[EventType "team-swiss"]
[EventDate "2010.12.26"]

1. e4 c5 2. c3 d5 3. exd5 Qxd5 4. Nf3 Bg4 5. Be2 Nc6 6. Na3 O-O-O 7. Nc2 e6 8.
Ne3 Qe4 9. Nxg4 Qxg4 10. O-O Qg6 11. a3 Nge7 12. b4 Nd5 13. Kh1 Nxc3 14. Qe1
Nxe2 15. Qxe2 Qd3 16. Qxd3 Rxd3 17. b5 Nd4 18. Ne5 Nb3 19. Ra2 Nxc1 20. Rxc1
Rb3 21. Nxf7 Rg8 22. Ng5 Rxb5 23. Nxe6 Kd7 24. Nxf8+ Rxf8 25. Kg1 b6 26. g3
1/2-1/2

[Event "DVM U12 2010"]
[Site "Templin OT Groß Dölln GER"]
[Date "2010.12.27"]
[Round "2"]
[White "Yang, Daniel Danyang"]
[Black "Paulsen, Alexej"]
[Result "0-1"]
[Termination "normal"]
[Board "1.4"]
[WhiteElo "1076"]
[BlackElo "1559"]
[WhiteTeam "SG Porz"]
[BlackTeam "Makkabi Frankfurt"]
[BlackFideId "24662372"]
[EventCountry "GER"]
[EventRounds "7"]
[EventType "team-swiss"]
[EventDate "2010.12.26"]

1. d4 d5 2. c4 c6 3. Nf3 Nf6 4. Nc3 e6 5. Bg5 dxc4 6. e3 b5 7. a4 b4 8. Ne4 Ba6
9. Qc2 Be7 10. Bxf6 Bxf6 11. Bxc4 Bxc4 12. Qxc4 Qd5 13. Qxd5 cxd5 14. Nxf6+
gxf6 15. O-O O-O 16. Rac1 Nd7 17. Nd2 Rac8 18. Nb3 Nb6 19. Nc5 e5 20. b3 a5 21.
Rfe1 Rc7 22. Nd3 Rfc8 23. Rxc7 Rxc7 24. dxe5 Rc3 25. Rd1 Rxb3 26. exf6 Nxa4 27.
Rc1 Rc3 28. Kf1 Kf8 29. Ke2 Ke8 30. Kd2 Kd7 31. Rxc3 Nxc3 32. Kc2 Kc7 33. Kb3
Kb6 34. Ne5 Ne4 35. Nxf7 Nxf6 36. Ka4 Ne4 37. f3 Nc5# 0-1

[Event "DVM U12 2010"]
[Site "Templin OT Groß Dölln GER"]
[Date "2010.12.27"]
[Round "2"]
[White "Riehle, Marco"]
[Black "Gungl, Theo"]
[Result "1/2-1/2"]
[Termination "normal"]
[Board "2.1"]
[WhiteElo "1591"]
[BlackElo "1735"]
[WhiteTeam "SF Sasbach"]
[BlackTeam "USV TU Dresden"]
[WhiteFideId "12904392"]
[BlackFideId "24695653"]
[EventCountry "GER"]
[EventRounds "7"]
[EventType "team-swiss"]
[EventDate "2010.12.26"]

1. e4 c6 2. c4 e6 3. Nc3 d5 4. exd5 cxd5 5. d4 Nc6 6. Nf3 Nf6 7. Be2 Be7 8. O-O
O-O 9. Ne5 dxc4 10. Nxc6 bxc6 11. Bxc4 c5 12. Be3 cxd4 13. Qxd4 Bb7 14. Rfd1
Qxd4 15. Bxd4 Rac8 16. Bb3 a6 17. Be3 Rfd8 18. Bb6 Rd7 19. Ba4 Bc6 20. Rxd7
Nxd7 21. Bxc6 Rxc6 22. Be3 Ne5 23. Rd1 h6 24. Bd4 Ng6 25. g3 Bc5 26. Bxc5 Rxc5
27. Rd8+ Kh7 28. f4 Ne7 29. Rd7 Nd5 30. Nxd5 exd5 31. Rxf7 Rc1+ 32. Kg2 Rc2+
33. Kh3 Rxb2 34. Rd7 Rxa2 35. Rxd5 Kg6 36. g4 Ra3+ 37. Kh4 Ra2 38. h3 a5 39.
Rd6+ Kh7 40. f5 a4 41. Rd7 Rf2 42. Ra7 Rf3 43. Rxa4 g5+ 44. fxg6+ Kxg6 45. Ra6+
Kg7 46. Ra1 Kg6 47. Rg1 Kg7 48. Rg3 Rf4 49. Kh5 Re4 50. Rf3 Re5+ 51. Rf5 Re6
52. h4 Rd6 53. Re5 Rd7 54. Ra5 Re7 55. Ra6 Re5+ 56. g5 hxg5 57. hxg5 Re7 58.
Ra1 Rd7 59. Rg1 Rd5 60. Kg4 Kg6 61. Kf4 Ra5 62. Rg4 Ra4+ 63. Kg3 Rxg4+ 64. Kxg4
Kg7 65. Kf3 Kg6 66. Kf4 Kg7 67. Kf5 Kf7 68. g6+ Kg7 69. Kg5 Kg8 70. Kf6 Kf8
1/2-1/2

[Event "DVM U12 2010"]
[Site "Templin OT Groß Dölln GER"]
[Date "2010.12.27"]
[Round "2"]
[White "Schamschurko, André"]
[Black "Bohnert, Dominik"]
[Result "0-1"]
[Termination "normal"]
[Board "2.2"]
[WhiteElo "1738"]
[BlackElo "1425"]
[WhiteTeam "USV TU Dresden"]
[BlackTeam "SF Sasbach"]
[WhiteFideId "24695670"]
[BlackFideId "12918075"]
[EventCountry "GER"]
[EventRounds "7"]
[EventType "team-swiss"]
[EventDate "2010.12.26"]

1. e4 e5 2. Nf3 Nc6 3. Bb5 a6 4. Ba4 Nf6 5. O-O Be7 6. Re1 b5 7. Bb3 O-O 8. h3
d5 9. exd5 Nxd5 10. Nxe5 Nxe5 11. Rxe5 Nf6 12. Nc3 Bd6 13. Re1 c5 14. a4 b4 15.
Qf3 Be6 16. Ne4 Nxe4 17. Rxe4 Bxb3 18. Qxb3 Qd7 19. Qe3 Rfe8 20. g3 Rxe4 21.
Qxe4 Re8 22. Qg2 Qf5 23. d3 Re1+ 24. Kh2 h5 25. f4 Qe6 26. Qa8+ Kh7 27. Qf3 g6
28. b3 c4 29. dxc4 Re2+ 30. Kg1 Bc5+ 31. Kf1 Re1+ 32. Kg2 Rh1 33. g4 hxg4 34.
hxg4 Rg1+ 35. Kh3 Qe1 36. Kh2 Qh4+ 37. Qh3 Rh1+ 38. Kxh1 Qxh3# 0-1

[Event "DVM U12 2010"]
[Site "Templin OT Groß Dölln GER"]
[Date "2010.12.27"]
[Round "2"]
[White "Martin, Julian"]
[Black "Birkenheuer, Simon"]
[Result "1-0"]
[Termination "normal"]
[Board "2.3"]
[WhiteElo "1395"]
[BlackElo "1486"]
[WhiteTeam "SF Sasbach"]
[BlackTeam "USV TU Dresden"]
[WhiteFideId "12941000"]
[BlackFideId "12964786"]
[EventCountry "GER"]
[EventRounds "7"]
[EventType "team-swiss"]
[EventDate "2010.12.26"]

1. e4 e6 2. d4 d5 3. exd5 exd5 4. Nf3 Bd6 5. Nc3 c6 6. Bd3 Ne7 7. O-O O-O 8.
Ng5 g6 9. Nf3 Bf5 10. Bh6 Re8 11. Bg5 Qc8 12. Qd2 Bxd3 13. cxd3 Qc7 14. Bf6 Nd7
15. Bh4 Nf5 16. Bg3 Nxg3 17. fxg3 Re7 18. Qh6 Rae8 19. Ng5 f6 20. Nxh7 Qd8 21.
Qxg6+ Rg7 22. Nxf6+ Nxf6 23. Qxf6 Qxf6 24. Rxf6 Bc7 25. b4 Bb6 26. Rf4 Re3 27.
Rd1 a6 28. Kf2 Ree7 29. Na4 Ba7 30. Nc5 Rh7 31. h3 Bb8 32. Rf3 Bd6 33. a3 Re8
34. g4 Rhe7 35. Rd2 b6 36. Nb3 Kg7 37. h4 Re1 38. Rb2 Rh1 39. Re3 Rf8+ 40. Rf3
Re8 41. Re2 Rxe2+ 42. Kxe2 Rxh4 43. g5 Rg4 44. Rf6 Rxg2+ 45. Kd1 Be7 46. Rxc6
Rxg5 47. Rxb6 Rg6 48. Rxg6+ Kxg6 49. Nc5 Kf6 50. Kc2 Bxc5 51. dxc5 Ke6 52. d4
Kd7 53. Kd3 Kc6 54. Ke3 Kb5 55. Kf4 a5 56. Ke5 axb4 57. axb4 Kxb4 58. c6 Kb5
59. c7 Kb6 60. c8=Q Kb5 61. Qc7 1-0

[Event "DVM U12 2010"]
[Site "Templin OT Groß Dölln GER"]
[Date "2010.12.27"]
[Round "2"]
[White "Fuchs, Sebastian"]
[Black "Ehmann, Thilo"]
[Result "1-0"]
[Termination "normal"]
[Board "2.4"]
[WhiteElo "1363"]
[BlackElo "1288"]
[WhiteTeam "USV TU Dresden"]
[BlackTeam "SF Sasbach"]
[BlackFideId "12940968"]
[EventCountry "GER"]
[EventRounds "7"]
[EventType "team-swiss"]
[EventDate "2010.12.26"]

1. e4 e5 2. Nf3 Nc6 3. Bb5 a6 4. Ba4 Nf6 5. O-O Be7 6. Re1 b5 7. Bb3 O-O 8. d3
d5 9. exd5 Nxd5 10. Nxe5 Nxe5 11. Rxe5 Nf6 12. Nd2 Bd6 13. Re1 Ng4 14. Nf1 Bb7
15. Qxg4 Qf6 16. c3 Rad8 17. Qg5 Qg6 18. Qxg6 hxg6 19. Be3 Kh7 20. h3 f6 21. d4
g5 22. Ng3 g6 23. Bc2 Kh6 24. Bd2 f5 25. h4 f4 26. hxg5+ Kxg5 27. Ne4+ Bxe4 28.
Bxe4 Rh8 29. b4 Rh7 30. f3 Rdh8 31. Kf2 Rh2 32. a4 R8h3 33. Rg1 Kf6 34. axb5
axb5 35. Ra6 g5 36. Rc6 Ke7 37. Ra6 Kd7 38. Bf5+ Kd8 39. Re1 Rxg2+ 40. Kxg2
Rg3+ 41. Kf2 c6 42. Rxc6 Bc7 43. Rg1 Rxg1 44. Kxg1 Ke7 45. Rxc7+ Kf6 46. Bg4
Kg6 47. Rc6+ Kf7 48. Re6 Kg7 49. Bxf4 gxf4 50. Kh2 Kf7 51. Kh3 Kg7 52. Kh4 Kf7
53. Kg5 Kg7 54. Re7+ Kf8 55. Ra7 Ke8 56. Kf6 Kd8 57. Ke6 Kc8 58. Kd6+ Kb8 59.
Rh7 Ka8 60. Kc6 Kb8 61. Kb6 Ka8 62. Rh8# 1-0

[Event "DVM U12 2010"]
[Site "Templin OT Groß Dölln GER"]
[Date "2010.12.27"]
[Round "2"]
[White "Dürr, Florian"]
[Black "Niediek, Cedric"]
[Result "1/2-1/2"]
[Termination "normal"]
[Board "3.1"]
[WhiteElo "1809"]
[BlackElo "1715"]
[WhiteTeam "SC Erlangen"]
[BlackTeam "LSV Turm Lippstadt"]
[WhiteFideId "24659134"]
[EventCountry "GER"]
[EventRounds "7"]
[EventType "team-swiss"]
[EventDate "2010.12.26"]

1. e4 c5 2. Ne2 Nc6 3. Nbc3 d6 4. g3 Nf6 5. Bg2 g6 6. O-O Bg7 7. d3 e6 8. h3 a6
9. Be3 O-O 10. g4 Ne8 11. Rb1 Nd4 12. f4 f5 13. gxf5 exf5 14. Ng3 Rb8 15. Nce2
Be6 16. a3 b5 1/2-1/2

[Event "DVM U12 2010"]
[Site "Templin OT Groß Dölln GER"]
[Date "2010.12.27"]
[Round "2"]
[White "Reale, Salvatore"]
[Black "Wegmann, Sven"]
[Result "1-0"]
[Termination "normal"]
[Board "3.2"]
[WhiteElo "1332"]
[BlackElo "1656"]
[WhiteTeam "LSV Turm Lippstadt"]
[BlackTeam "SC Erlangen"]
[BlackFideId "1270756"]
[EventCountry "GER"]
[EventRounds "7"]
[EventType "team-swiss"]
[EventDate "2010.12.26"]

1. c4 e5 2. Nc3 Nf6 3. e4 Nc6 4. g3 Bc5 5. a3 d6 6. b4 Bd4 7. Nge2 Bg4 8. Bg2
Qd7 9. h3 Bxc3 10. dxc3 Bh5 11. O-O Bg6 12. Qd3 O-O 13. f4 exf4 14. Nxf4 Ne5
15. Qe2 Rfe8 16. Rd1 Qc6 17. Nd5 Ned7 18. b5 Qc5+ 19. Be3 Bxe4 20. Bxc5 Bxg2
21. Qxg2 dxc5 22. Nxc7 Ne5 23. Nxa8 Rxa8 24. Qxb7 Re8 25. Re1 Nxc4 26. Rxe8+
Nxe8 27. Qb8 Ncd6 28. Re1 1-0

[Event "DVM U12 2010"]
[Site "Templin OT Groß Dölln GER"]
[Date "2010.12.27"]
[Round "2"]
[White "Wegmann, Simon"]
[Black "Pusch, Moritz"]
[Result "1-0"]
[Termination "normal"]
[Board "3.3"]
[WhiteElo "1394"]
[BlackElo "832"]
[WhiteTeam "SC Erlangen"]
[BlackTeam "LSV Turm Lippstadt"]
[WhiteFideId "1270758"]
[EventCountry "GER"]
[EventRounds "7"]
[EventType "team-swiss"]
[EventDate "2010.12.26"]

1. e4 {[%emt 0:00:00]} e5 2. Nf3 Nc6 3. d4 f6 4. d5 Nge7 5. Nc3 d6 6. Bc4 Bg4
7. h3 Bxf3 8. Qxf3 Ng6 9. Qg3 Nce7 10. O-O Nf4 11. Bxf4 exf4 12. Qxf4 Ng6 13.
Qd2 Ne5 14. Be2 Qd7 15. f4 Ng6 16. Bg4 Qe7 17. g3 Rg8 18. Be6 Rh8 19. h4 Qd8
20. h5 Ne7 21. g4 g6 22. Qh2 Bh6 23. g5 fxg5 24. fxg5 Bxg5 25. Qf2 Bh6 26. Qf7#
1-0

[Event "DVM U12 2010"]
[Site "Templin OT Groß Dölln GER"]
[Date "2010.12.27"]
[Round "2"]
[White "Stryschik, Tobias"]
[Black "Tong, Kevin"]
[Result "0-1"]
[Termination "normal"]
[Board "3.4"]
[WhiteElo "825"]
[BlackElo "1407"]
[WhiteTeam "LSV Turm Lippstadt"]
[BlackTeam "SC Erlangen"]
[BlackFideId "12913944"]
[EventCountry "GER"]
[EventRounds "7"]
[EventType "team-swiss"]
[EventDate "2010.12.26"]

1. e4 c5 2. Bb5 a6 3. Ba4 b5 4. Bb3 c4 5. Bxc4 bxc4 6. d4 cxd3 7. cxd3 d5 8.
Nc3 e6 9. Nf3 Be7 10. O-O Nf6 11. Bg5 O-O 12. Ne5 Nfd7 13. Bxe7 Qxe7 14. Ng4 d4
15. Ne2 h5 16. Nxd4 hxg4 17. Qxg4 Nf6 18. Qd1 Rd8 19. Rc1 Bb7 20. Nb3 Bxe4 21.
Nc5 a5 22. Nxe4 Nxe4 23. Rc2 Na6 24. Rc4 Nec5 25. g3 Nxd3 26. Rh4 Qf6 27. Qe2
Rab8 28. Rb1 Rxb2 29. Rxb2 Qxb2 30. Qh5 Qxf2+ 31. Kh1 Qf1# 0-1

[Event "DVM U12 2010"]
[Site "Templin OT Groß Dölln GER"]
[Date "2010.12.27"]
[Round "2"]
[White "Böhning, Kilian"]
[Black "Greßmann, Moritz"]
[Result "0-1"]
[Termination "normal"]
[Board "4.1"]
[WhiteElo "1688"]
[BlackElo "1633"]
[WhiteTeam "Hagener SV"]
[BlackTeam "BSV Chemie Weißensee"]
[WhiteFideId "1270499"]
[BlackFideId "24695084"]
[EventCountry "GER"]
[EventRounds "7"]
[EventType "team-swiss"]
[EventDate "2010.12.26"]

1. d4 {[%emt 0:00:00]} Nf6 2. Bf4 g6 3. Nc3 Bg7 4. e3 d6 5. Qd2 O-O 6. f3 Nbd7
7. Bc4 c5 8. Nge2 a6 9. a4 Nb6 10. Ba2 Nbd7 11. Bc4 Qc7 12. b3 Nb6 13. dxc5
Nxc4 14. bxc4 Qxc5 15. Qd4 Qc6 16. Bg3 Be6 17. Rb1 Nd7 18. Qe4 Rab8 19. Nd5
Rfe8 20. O-O Bxd5 21. cxd5 Qc5 22. c4 Nb6 23. Rfe1 Nxa4 24. Nf4 Nc3 25. Qd3
Nxb1 26. Rxb1 Rec8 27. Qe4 Bf6 28. Rc1 Qa3 29. Nd3 Bg7 30. c5 Ra8 31. c6 bxc6
32. dxc6 Qb3 33. c7 d5 0-1

[Event "DVM U12 2010"]
[Site "Templin OT Groß Dölln GER"]
[Date "2010.12.27"]
[Round "2"]
[White "Donath, Johann"]
[Black "Laubrock, Paul"]
[Result "1-0"]
[Termination "normal"]
[Board "4.2"]
[WhiteElo "1520"]
[BlackElo "1377"]
[WhiteTeam "BSV Chemie Weißensee"]
[BlackTeam "Hagener SV"]
[WhiteFideId "24685160"]
[BlackFideId "1270509"]
[EventCountry "GER"]
[EventRounds "7"]
[EventType "team-swiss"]
[EventDate "2010.12.26"]

1. c4 e5 2. Nc3 Nf6 3. g3 d5 4. cxd5 Nxd5 5. Bg2 Be6 6. Nf3 Nc6 7. O-O Bc5 8.
Ne4 Bb6 9. d3 f6 10. Bd2 Qd7 11. Re1 Bh3 12. Bh1 O-O-O 13. a3 g5 14. b4 h5 15.
b5 Nd4 16. a4 Qe7 17. Rc1 Qa3 18. Ra1 Qe7 19. Qb1 h4 20. a5 Bc5 21. Nxc5 Qxc5
22. Nxd4 exd4 23. Rc1 Qe7 24. b6 a6 25. Bxd5 Rxd5 26. Rxc7+ Qxc7 27. bxc7 Kxc7
28. Qb6+ Kb8 29. Rb1 Rh7 30. gxh4 Rg7 31. Qxf6 Rg8 32. hxg5 Rf5 33. Bf4+ Ka8
34. Qe7 Rb5 35. Rxb5 axb5 36. a6 bxa6 37. Qe4+ Ka7 38. Qh7+ 1-0

[Event "DVM U12 2010"]
[Site "Templin OT Groß Dölln GER"]
[Date "2010.12.27"]
[Round "2"]
[White "Balazs, Balint"]
[Black "Koch, Elisabeth"]
[Result "0-1"]
[Termination "normal"]
[Board "4.3"]
[WhiteElo "1300"]
[BlackElo "1306"]
[WhiteTeam "Hagener SV"]
[BlackTeam "BSV Chemie Weißensee"]
[WhiteFideId "12922757"]
[BlackFideId "24695068"]
[EventCountry "GER"]
[EventRounds "7"]
[EventType "team-swiss"]
[EventDate "2010.12.26"]

1. d4 Nf6 2. Bf4 g6 3. Nc3 Bg7 4. f3 d5 5. Qd2 O-O 6. g4 c6 7. h4 b5 8. Bh6 a5
9. h5 Nbd7 10. Bxg7 Kxg7 11. hxg6 fxg6 12. Qh6+ Kg8 13. Nh3 e5 14. e3 exd4 15.
exd4 Qe7+ 16. Be2 b4 17. Na4 Ba6 18. Rh2 Rae8 19. Ng1 c5 20. O-O-O Bxe2 21.
Rxe2 Qd6 22. Rde1 Rxe2 23. Rxe2 cxd4 24. Qd2 Qc6 25. b3 Nc5 26. Nb2 Qb6 27. Kb1
d3 28. Re7 dxc2+ 29. Kxc2 Nxb3 30. axb3 Rc8+ 31. Kb1 Qxg1+ 32. Ka2 Rc1 33. Nd1
Qxd1 34. Qxd1 Rxd1 35. Ra7 Rd2+ 36. Kb1 Rd3 37. g5 Nh5 38. Rxa5 Rxb3+ 39. Kc2
Rxf3 40. Rxd5 Rf5 41. Rd4 Rxg5 42. Rxb4 h6 43. Rb8+ Kf7 44. Rb7+ Kg8 45. Rb8+
Kh7 46. Rb7+ Ng7 47. Kd3 h5 48. Ke3 Rf5 49. Rb2 g5 50. Rg2 h4 51. Ke4 Kh6 52.
Rd2 h3 53. Rd7 h2 54. Rd1 g4 55. Rh1 Kg5 56. Ke3 g3 0-1

[Event "DVM U12 2010"]
[Site "Templin OT Groß Dölln GER"]
[Date "2010.12.27"]
[Round "2"]
[White "Greßmann, Hanna"]
[Black "Hoppe, Andreas"]
[Result "1-0"]
[Termination "normal"]
[Board "4.4"]
[WhiteElo "1280"]
[BlackElo "1193"]
[WhiteTeam "BSV Chemie Weißensee"]
[BlackTeam "Hagener SV"]
[WhiteFideId "12930709"]
[BlackFideId "12922811"]
[EventCountry "GER"]
[EventRounds "7"]
[EventType "team-swiss"]
[EventDate "2010.12.26"]

1. e4 {[%emt 0:00:00]} d5 2. exd5 Qxd5 3. Nc3 Qa5 4. d4 Bf5 5. Bf4 e6 6. Bd3
Bxd3 7. Qxd3 Bd6 8. Bxd6 cxd6 9. Qe4 d5 10. Qe5 Nf6 11. Nf3 O-O 12. O-O Nc6 13.
Qe3 Rfc8 14. Ne2 Nb4 15. Qb3 Nxc2 16. Rac1 Qb4 17. Rxc2 Qxb3 18. Rxc8+ Rxc8 19.
axb3 h6 20. Nc3 a6 21. h3 b5 22. b4 Rc4 23. Na2 Rc8 24. Rc1 Ra8 25. Rc6 Ne4 26.
Nc1 a5 27. bxa5 Rxa5 28. Nb3 Ra4 29. Rc2 Nd6 30. Nfd2 Nc4 31. Nc5 Ra2 32. Nd3
Na3 33. Rc8+ Kh7 34. Ra8 b4 35. Nb3 Kg6 36. Nxb4 Rxb2 37. Rxa3 Kf5 38. f3 Kf4
39. Nd3+ 1-0

[Event "DVM U12 2010"]
[Site "Templin OT Groß Dölln GER"]
[Date "2010.12.27"]
[Round "2"]
[White "Müller, Constantin"]
[Black "Richter, Leonard"]
[Result "0-1"]
[Termination "normal"]
[Board "5.1"]
[WhiteElo "1874"]
[BlackElo "1826"]
[WhiteTeam "SK München Südost"]
[BlackTeam "BSG Chemie Leipzig"]
[WhiteFideId "24697630"]
[BlackFideId "12900290"]
[EventCountry "GER"]
[EventRounds "7"]
[EventType "team-swiss"]
[EventDate "2010.12.26"]

1. e4 c6 2. d4 d5 3. f3 Qb6 4. Nc3 e6 5. Nge2 Nf6 6. Bg5 Qxb2 7. Rb1 Qa3 8.
Bxf6 gxf6 9. exd5 cxd5 10. Qd2 Nc6 11. Rb3 Qa5 12. Rb5 Qc7 13. Qe3 Be7 14. Nf4
Nb4 15. Kd1 Kd8 16. a3 Nc6 17. Rb1 Bd7 18. Be2 a6 19. g3 b5 20. Re1 Qa7 21. Bd3
Qxd4 22. Qd2 Bxa3 23. Nfe2 Qf2 24. Qf4 Be7 25. Ra1 Ra7 26. Kd2 Qb6 27. Nc1 Ne5
28. Re2 Qc7 29. Qe3 Qc5 30. Qf4 Rc7 31. N1a2 Nxd3 32. cxd3 d4 33. Ne4 Qf5 34.
Qh4 Qg6 35. Qf4 e5 36. Qh4 f5 0-1

[Event "DVM U12 2010"]
[Site "Templin OT Groß Dölln GER"]
[Date "2010.12.27"]
[Round "2"]
[White "Angrick, Philipp"]
[Black "Ovsepyan, Arshak"]
[Result "0-1"]
[Termination "normal"]
[Board "5.2"]
[WhiteElo "1837"]
[BlackElo "1947"]
[WhiteTeam "BSG Chemie Leipzig"]
[BlackTeam "SK München Südost"]
[WhiteFideId "12912298"]
[BlackFideId "24690236"]
[EventCountry "GER"]
[EventRounds "7"]
[EventType "team-swiss"]
[EventDate "2010.12.26"]

1. e4 e6 2. d4 d5 3. e5 c5 4. c3 Nc6 5. Nf3 Bd7 6. Bd3 Qb6 7. O-O cxd4 8. cxd4
Nge7 9. Nc3 Ng6 10. Bc2 Be7 11. Na4 Qc7 12. Bd2 O-O 13. Rc1 b5 14. Nc3 a6 15.
Qe2 Qa7 16. Be3 Rfb8 17. Rfd1 Qb6 18. Ng5 Bxg5 19. Bxg5 Nxd4 20. Qg4 Nxc2 21.
Rxc2 Nxe5 22. Qg3 Ng6 23. h4 f6 24. Be3 Qd8 25. h5 Ne7 26. Qf3 b4 27. Ne2 Nf5
28. Bc1 Rc8 29. Rcd2 Qe7 30. Nf4 Kf8 31. g4 Nd6 32. Ng6+ hxg6 33. hxg6 Nf7 34.
gxf7 Qxf7 35. Kg2 Qg6 36. Rh1 Kg8 37. Rxd5 Bc6 38. Rd8+ Kf7 39. Qxc6 Rxc6 40.
Rxa8 Qxg4+ 41. Kf1 Rxc1# 0-1

[Event "DVM U12 2010"]
[Site "Templin OT Groß Dölln GER"]
[Date "2010.12.27"]
[Round "2"]
[White "Bergauz, Noam"]
[Black "Schaefer, Matthes"]
[Result "1-0"]
[Termination "normal"]
[Board "5.3"]
[WhiteElo "1361"]
[BlackElo "1387"]
[WhiteTeam "SK München Südost"]
[BlackTeam "BSG Chemie Leipzig"]
[WhiteFideId "12938033"]
[BlackFideId "12946117"]
[EventCountry "GER"]
[EventRounds "7"]
[EventType "team-swiss"]
[EventDate "2010.12.26"]

1. e4 c5 2. Nf3 d6 3. d4 cxd4 4. Nxd4 Nf6 5. Nc3 g6 6. Be3 Bg7 7. Be2 a6 8. f4
Nc6 9. Bf3 Bd7 10. h3 Rc8 11. Qd2 Na5 12. Be2 Bc6 13. Nxc6 Nxc6 14. g4 Nb4 15.
a3 Nxe4 16. Nxe4 Nxc2+ 17. Kf2 Nxa1 18. Rxa1 Qd7 19. Bd4 e5 20. fxe5 dxe5 21.
Be3 Qxd2 22. Bxd2 O-O 23. Bb4 Rfd8 24. Nd6 Rc2 25. Nxb7 Rd4 26. Bc3 Rd3 27. Rh1
Bh6 28. a4 Re3 29. Re1 Rxh3 30. Bxe5 Bg5 31. Bg3 Bh4 32. Bxh4 Rxh4 33. Kg3 g5
34. Nd6 Rh6 35. Nf5 Rf6 36. Bd3 Re6 37. Rxe6 fxe6 38. Bxc2 exf5 39. gxf5 h5 40.
b4 Kf7 41. b5 1-0

[Event "DVM U12 2010"]
[Site "Templin OT Groß Dölln GER"]
[Date "2010.12.27"]
[Round "2"]
[White "Halas, Julia"]
[Black "Theilig, Franz"]
[Result "0-1"]
[Termination "normal"]
[Board "5.4"]
[WhiteElo "1191"]
[BlackElo "1290"]
[WhiteTeam "BSG Chemie Leipzig"]
[BlackTeam "SK München Südost"]
[WhiteFideId "12931810"]
[EventCountry "GER"]
[EventRounds "7"]
[EventType "team-swiss"]
[EventDate "2010.12.26"]

1. e4 c5 2. Nf3 Nc6 3. d4 cxd4 4. Nxd4 Nf6 5. Nc3 e5 6. Ndb5 d6 7. Nd5 Nxd5 8.
exd5 Ne7 9. Be3 a6 10. Nc3 b5 11. a3 g6 12. Be2 f5 13. Bg5 Bb7 14. Bf6 Rg8 15.
O-O Qc7 16. Bxe7 Bxe7 17. Qd2 Kd7 18. Rad1 Bf6 19. f3 Qd8 20. Rfe1 Bg5 21. Qd3
Qb6+ 22. Kh1 Qe3 23. Qxe3 Bxe3 24. Bxb5+ axb5 25. Rxe3 Rgc8 26. Kg1 Rc4 27.
Ree1 b4 28. axb4 Rxb4 29. b3 Rb6 30. Ra1 Rc8 31. Na4 Rb4 32. Rec1 Bxd5 33. Rab1
Bc6 34. c3 Rb7 35. c4 Bxa4 36. bxa4 Rxb1 37. Rxb1 Rxc4 38. Ra1 0-1

[Event "DVM U12 2010"]
[Site "Templin OT Groß Dölln GER"]
[Date "2010.12.27"]
[Round "2"]
[White "Ridder, David"]
[Black "Wendland, Tobias"]
[Result "0-1"]
[Termination "normal"]
[Board "6.1"]
[WhiteElo "1476"]
[BlackElo "1621"]
[WhiteTeam "SG Turm Raesfeld/Erle"]
[BlackTeam "SV Backnang"]
[WhiteFideId "12964867"]
[BlackFideId "24662267"]
[EventCountry "GER"]
[EventRounds "7"]
[EventType "team-swiss"]
[EventDate "2010.12.26"]

1. e4 e6 2. d4 d5 3. exd5 exd5 4. Nf3 Nf6 5. Bg5 Be7 6. Bd3 Nc6 7. Nbd2 Bg4 8.
Nb3 O-O 9. O-O Re8 10. h3 Bh5 11. Re1 Nb4 12. Bb5 c6 13. Bf1 Ne4 14. Bxe7 Rxe7
15. c3 Na6 16. Bxa6 bxa6 17. Qd3 Qb6 18. Nfd2 Rae8 19. Re3 Bg6 20. Rae1 Qb7 21.
Qe2 f5 22. c4 f4 23. Rxe4 Bxe4 24. Qf1 a5 25. Nxe4 Rxe4 26. Rxe4 dxe4 27. Qe2
e3 28. Kf1 Qb4 0-1

[Event "DVM U12 2010"]
[Site "Templin OT Groß Dölln GER"]
[Date "2010.12.27"]
[Round "2"]
[White "Tünte, Hendrik"]
[Black "Rausch, Adrian"]
[Result "0-1"]
[Termination "normal"]
[Board "6.3"]
[WhiteElo "1267"]
[BlackElo "1326"]
[WhiteTeam "SG Turm Raesfeld/Erle"]
[BlackTeam "SV Backnang"]
[WhiteFideId "12964883"]
[BlackFideId "12929069"]
[EventCountry "GER"]
[EventRounds "7"]
[EventType "team-swiss"]
[EventDate "2010.12.26"]

1. e4 {[%emt 0:00:00]} c6 2. Nf3 d5 3. exd5 cxd5 4. d4 Nc6 5. Be2 Bg4 6. Nc3 e6
7. b3 Qa5 8. Bb2 Ba3 9. Qc1 Bxf3 10. Bxf3 Nxd4 11. Bd1 Bxb2 12. Qxb2 Rc8 13. b4
Qc7 14. Nxd5 Qe5+ 15. Kd2 Qxd5 16. Kc1 Nf6 0-1

[Event "DVM U12 2010"]
[Site "Templin OT Groß Dölln GER"]
[Date "2010.12.27"]
[Round "2"]
[White "Soos, Philipp"]
[Black "Beckmann, Klaus"]
[Result "1/2-1/2"]
[Termination "normal"]
[Board "6.4"]
[WhiteElo "1107"]
[BlackElo "1153"]
[WhiteTeam "SV Backnang"]
[BlackTeam "SG Turm Raesfeld/Erle"]
[WhiteFideId "12943967"]
[BlackFideId "12964905"]
[EventCountry "GER"]
[EventRounds "7"]
[EventType "team-swiss"]
[EventDate "2010.12.26"]

1. e4 e5 2. Nf3 Nc6 3. Bc4 Bc5 4. d3 h6 5. O-O d6 6. Nc3 Bg4 7. Nd5 Nd4 8. Ne3
Nxf3+ 9. gxf3 Bh3 10. Ng2 Bxg2 11. Kxg2 Nf6 12. Rg1 c6 13. Kf1 g6 14. a3 Qd7
15. Rg3 Nh5 16. Rg4 O-O-O 17. Qe2 Nf6 18. Rg3 Rde8 19. Be3 Bxe3 20. Qxe3 d5 21.
Bb3 d4 22. Qd2 Qc7 23. Qb4 Rhg8 24. Qc4 Re7 25. Qc5 b6 26. Qb4 a5 27. Qd2 Rh8
28. c4 dxc3 29. Qxc3 Nh5 30. Rg4 Rd8 31. Rc1 c5 32. Qc4 Nf4 33. Bc2 Qd7 34. Rd1
1/2-1/2